000 00322nam a2200145Ia 4500
005 20251222144829.0
008 251222s9999||||xx |||||||||||||| ||spa||
020 _a8428813515
082 _a200/C78
100 _aCorbí, Mario
245 0 _aReligión sin Religión
250 _a1a. ed.
264 _bPPC
942 _cLIB
999 _c20782
_d20782